LEADER 01343nam a2200289 u 4500 001 000000157285 003 CaOOAMICUS 005 20161207164836.0 008 161207n it u000 u eng u 032 $aLibriCat 035 $a10270027 040 $aPUL$bita 100 1 $aAhern, Barnabas Mary.$0(OLS)http://pul/name/55661 245 14$aThe fellowship of his sufferings (Phil. 3,10) :$ba study of Dt. Paul's doctrine on christian suffering /$cBarnabas Mary Ahern. 260 $aRoma :$bPontificio Istituto Biblico,$c[s.d.] 300 $a45 p. ;$c24 cm. 500 $aEstratto da: Catholic Biblical Quarterly vol. XXII, 1960, p.1-32. 502 $aEstratto da Tesi -- Pontificio Istituto Biblico. 504 $aBibliografia in nota a piè pagina. 600 04$aPaulus,$cs., apostolo.$0(OLS)http://pul/subject/417 710 2 $aPontificio istituto biblico.$kTesi.$0(OLS)http://pul/name/85533 850 $aPUL 852 $aPUL$W1$xDP1 Tesi Pon. Ist. Biblico$y33$mTH BIB 36$j180583$qTesi$B183703$CPULBib$Z2$F183703 $H20813 $82 941 1 $a16 996 $6245$aThe fellowship of his sufferings (Phil. 3,10) :$ba study of Dt. Paul's doctrine on christian suffering$9(OLS)http://pul/title/196888 996 $6260$aRoma :$bPontificio Istituto Biblico$9(OLS)http://pul/publisher/49008 LEADER 01789nam a2200385 a 4500 001 000000142068 003 CaOOAMICUS 005 20150303145439.0 008 150303s2014 it u000 u ita r 020 $z9788814186059* 040 $aPUL$bita 082 $a348.45 110 1 $aItalia.$0(OLS)http://pul/name/1188 240 10$aCodice penale (2014).$0(OLS)http://pul/title/178221 245 10$aCodice penale /$ca cura di Tullio Padovani ; con il coordinamento di Giovannangelo De Francesco, Giorgio Fidelbo, Antonio Vallini. 250 $a6. ed. 260 $aMilano :$bGiuffrè,$c©2014. 300 $a2 v. ;$c25 cm 490 1 $aLe fonti del diritto italiano 505 0 $aT. 1. Artt. 1-413. -- t. 2. Artt. 414-734 bis. 650 4$aDiritto penale$zItalia.$0(OLS)http://pul/subject/10217 700 1 $aPadovani, Tullio,$d1944-$0(OLS)http://pul/name/35289 700 1 $aDe Francesco, Giovannangelo.$0(OLS)http://pul/name/69479 700 1 $aFidelbo, Giorgio.$0(OLS)http://pul/name/28713 700 1 $aVallini, Antonio.$0(OLS)http://pul/name/91450 830 3$aLe fonti del diritto italiano.$0(OLS)http://pul/title/104091 850 $aPUL 852 $aPUL$W1$xSL Diritto e Scienze Sociali 3$y79$m348. 45 COD 5.6.2$j164000$av. 2$qDDC 21$B164072$CPULBib$Z2$F164072 $H125491 $82 852 $aPUL$W1$xSL Diritto e Scienze Sociali 3$y79$m348. 45 COD 5.6.1$j164018$av. 1$qDDC 21$B164089$CPULBib$Z2$F164089 $H125492 $82 941 1 $a9 996 $6020$z9788814186059*$9(OLS)http://pul/number/157103 996 $6082$a348.45$9(OLS)http://pul/classification/373 996 $6245$aCodice penale$9(OLS)http://pul/title/179839 996 $6260$aMilano :$bGiuffrè$9(OLS)http://pul/publisher/48401